[Event "Colin Crouch Masters 1st"]
[Site "Harrow High School"]
[Date "2016.04.03"]
[Round "2.1"]
[White "Wadsworth, Matthew J"]
[Black "Berkes, Ferenc"]
[Result "0-1"]
[WhiteElo "2290"]
[BlackElo "2644"]
[PlyCount "106"]
[EventDate "2016.04.02"]
[EventType "swiss"]
[EventRounds "9"]
[EventCountry "ENG"]
[Source "John Saunders"]
[SourceDate "2016.04.28"]
[WhiteClock "0:25:12"]
[BlackClock "0:37:59"]

1. e4 c5 2. Nf3 Nc6 3. d4 cxd4 4. Nxd4 e6 5. Nc3 Qc7 6. Be3 a6 7. Bd3 Nf6 8.
O-O Nxd4 9. Bxd4 Bc5 10. Bxc5 Qxc5 11. Qe2 d6 12. a4 Bd7 13. Kh1 Bc6 14. f4 h5
15. e5 dxe5 16. Qxe5 Qxe5 17. fxe5 Nd7 18. Rae1 h4 19. Ne4 Ke7 20. Nd6 f6 21.
Nc4 f5 22. Na5 Bxa4 23. Nxb7 h3 24. Na5 hxg2+ 25. Kxg2 Rhc8 26. b3 Rc5 27. Nc4
Bb5 28. Rf4 a5 29. Ra1 g5 30. Rd4 Bxc4 31. Rxc4 Rxc4 32. Bxc4 Nxe5 33. Be2 g4
34. Ra4 Nc6 35. h3 gxh3+ 36. Kxh3 e5 37. Bf3 Kd6 38. Kg3 e4 39. Bxe4 fxe4 40.
Rxe4 Kd5 41. Ra4 Rb8 42. Kf2 Rb4 43. Ra1 Kd4 44. c3+ Kxc3 45. Rc1+ Kxb3 46.
Rxc6 a4 47. Ke2 a3 48. Kd2 a2 49. Rc3+ Kb2 50. Rc2+ Ka3 51. Rc3+ Rb3 52. Rc1
Rb1 53. Rc3+ Kb4 0-1

[Event "Colin Crouch Masters 1st"]
[Site "Harrow High School"]
[Date "2016.04.03"]
[Round "2.2"]
[White "Gareyev, Timur"]
[Black "Rudd, Jack"]
[Result "1-0"]
[WhiteElo "2611"]
[BlackElo "2263"]
[PlyCount "79"]
[EventDate "2016.04.02"]
[EventType "swiss"]
[EventRounds "9"]
[EventCountry "ENG"]
[Source "John Saunders"]
[SourceDate "2016.04.28"]
[WhiteClock "0:05:02"]
[BlackClock "0:27:31"]

1. d4 d6 2. Nf3 Bg4 3. c4 Nd7 4. Nc3 e5 5. g3 c6 6. Bg2 g6 7. O-O Bg7 8. d5 c5
9. Ng5 h6 10. f3 Bf5 11. Nxf7 Kxf7 12. e4 Ne7 13. f4 Kg8 14. exf5 Nxf5 15. Be4
h5 16. fxe5 Nxe5 17. Bxf5 gxf5 18. Rxf5 Qe8 19. Qe2 Ng4 20. Ne4 Bd4+ 21. Kg2
Rh7 22. Bg5 Qg6 23. Raf1 Re8 24. Qf3 Rg7 25. b3 a6 26. h3 Rxe4 27. hxg4 Re5 28.
gxh5 Rxf5 29. hxg6 Rxf3 30. Kxf3 Rxg6 31. Kg4 Be3 32. Rf5 Rg7 33. Kh5 Bd4 34.
g4 b5 35. Bh6 Re7 36. Rf8+ Kh7 37. g5 Re5 38. Rf7+ Kg8 39. Kg6 Re8 40. Rd7 1-0

[Event "Colin Crouch Masters 1st"]
[Site "Harrow High School"]
[Date "2016.04.03"]
[Round "2.3"]
[White "Osborne, Marcus E"]
[Black "Vakhidov, Jahongir"]
[Result "0-1"]
[WhiteElo "2213"]
[BlackElo "2576"]
[PlyCount "56"]
[EventDate "2016.04.02"]
[EventType "swiss"]
[EventRounds "9"]
[EventCountry "ENG"]
[Source "John Saunders"]
[SourceDate "2016.04.28"]
[WhiteClock "0:32:41"]
[BlackClock "0:23:31"]

1. Nf3 g6 2. c4 Bg7 3. Nc3 d6 4. d4 Nf6 5. g3 O-O 6. Bg2 Nbd7 7. O-O e5 8. h3
exd4 9. Nxd4 Re8 10. Qc2 Nb6 11. b3 c5 12. Nf3 Bf5 13. Qd2 d5 14. Nh4 Ne4 15.
Bxe4 Bxe4 16. f3 dxc4 17. Nxe4 Bxa1 18. Qc2 f5 19. Rd1 Bd4+ 20. e3 fxe4 21.
exd4 cxd4 22. fxe4 Qd6 23. Bf4 Qc5 24. Kh1 Rad8 25. Nf3 c3 26. Bg5 d3 27. Rxd3
Rxd3 28. Qxd3 Qc6 0-1

[Event "Colin Crouch Masters 1st"]
[Site "Harrow High School"]
[Date "2016.04.03"]
[Round "2.4"]
[White "Fodor, Tamas Jr"]
[Black "Lyell, Mark"]
[Result "1-0"]
[WhiteElo "2505"]
[BlackElo "2242"]
[PlyCount "49"]
[EventDate "2016.04.02"]
[EventType "swiss"]
[EventRounds "9"]
[EventCountry "ENG"]
[Source "John Saunders"]
[SourceDate "2016.04.28"]
[WhiteClock "1:07:24"]
[BlackClock "0:06:36"]

1. d4 e6 2. c4 f5 3. Nf3 Nf6 4. g3 d5 5. Bg2 Bd6 6. O-O c6 7. Nc3 O-O 8. Qc2
Ne4 9. Nxe4 fxe4 10. Ne1 b6 11. f3 exf3 12. Nxf3 Nd7 13. e4 Ba6 14. e5 Be7 15.
Bh3 Bxc4 16. Bxe6+ Kh8 17. Rf2 Rc8 18. Bf5 Qe8 19. Bxh7 Qh5 20. Bg6 Qh3 21. Bf4
Rxf4 22. gxf4 Qg4+ 23. Kh1 Qxf4 24. Bf5 Rd8 25. e6 1-0

[Event "Colin Crouch Masters 1st"]
[Site "Harrow High School"]
[Date "2016.04.03"]
[Round "2.5"]
[White "Jones, Steven A"]
[Black "Gormally, Daniel W"]
[Result "0-1"]
[WhiteElo "2211"]
[BlackElo "2490"]
[PlyCount "80"]
[EventDate "2016.04.02"]
[EventType "swiss"]
[EventRounds "9"]
[EventCountry "ENG"]
[Source "John Saunders"]
[SourceDate "2016.04.28"]
[WhiteClock "0:09:50"]
[BlackClock "0:22:58"]

1. e4 c5 2. Nf3 d6 3. d4 cxd4 4. Nxd4 Nf6 5. Nc3 a6 6. Be3 e5 7. Nde2 Be7 8.
Ng3 O-O 9. Be2 Be6 10. O-O g6 11. Qd2 Re8 12. Rfd1 Nbd7 13. Bh6 Rc8 14. Nf5
Bxf5 15. exf5 Nb6 16. a4 Nc4 17. Bxc4 Rxc4 18. Bg5 Ne4 19. Nxe4 Rxe4 20. Bxe7
Qxe7 21. fxg6 hxg6 22. Qd5 Rb4 23. b3 Rc8 24. c4 e4 25. Rd4 e3 26. fxe3 Qxe3+
27. Kh1 Qe5 28. Qxe5 dxe5 29. Rd3 e4 30. Re3 f5 31. Rd1 Kf7 32. g3 Ke6 33. Kg2
Rb6 34. Kf2 Rd6 35. Rxd6+ Kxd6 36. Rc3 g5 37. Ke2 Rh8 38. c5+ Kd5 39. b4 Rxh2+
40. Ke3 f4+ 0-1

[Event "Colin Crouch Masters 1st"]
[Site "Harrow High School"]
[Date "2016.04.03"]
[Round "2.6"]
[White "Tan, Justin"]
[Black "Hill, Alistair"]
[Result "1-0"]
[WhiteElo "2452"]
[BlackElo "2204"]
[PlyCount "35"]
[EventDate "2016.04.02"]
[EventType "swiss"]
[EventRounds "9"]
[EventCountry "ENG"]
[Source "John Saunders"]
[SourceDate "2016.04.28"]
[WhiteClock "1:17:24"]
[BlackClock "0:32:41"]

1. e4 c5 2. Nc3 Nc6 3. Bb5 g6 4. Bxc6 dxc6 5. d3 Bg7 6. Be3 b6 7. Qd2 e5 8.
O-O-O h5 9. f4 Be6 10. fxe5 Bxe5 11. Nf3 Bd4 12. Kb1 Bxe3 13. Qxe3 Nf6 14. d4
cxd4 15. Nxd4 Bg4 16. Nxc6 Qc7 17. e5 Nd7 18. Rd6 1-0

[Event "Colin Crouch Masters 1st"]
[Site "Harrow High School"]
[Date "2016.04.03"]
[Round "2.7"]
[White "Brzezinski, Adam"]
[Black "Lalic, Bogdan"]
[Result "0-1"]
[WhiteElo "2203"]
[BlackElo "2425"]
[PlyCount "106"]
[EventDate "2016.04.02"]
[EventType "swiss"]
[EventRounds "9"]
[EventCountry "ENG"]
[Source "John Saunders"]
[SourceDate "2016.04.28"]
[WhiteClock "0:14:54"]
[BlackClock "1:04:56"]

1. d4 Nf6 2. c4 e6 3. Nc3 Bb4 4. e3 b6 5. Nge2 Bb7 6. a3 Bd6 7. Qc2 c5 8. dxc5
bxc5 9. Ng3 O-O 10. f3 Re8 11. Bd2 Bf8 12. Bd3 d5 13. O-O Nbd7 14. cxd5 exd5
15. Rfe1 Ne5 16. Bf1 d4 17. exd4 cxd4 18. Nce4 Nxe4 19. Nxe4 Rc8 20. Qa4 d3 21.
Bc3 Rc4 22. Qb3 Bd5 23. Qb5 Bc6 24. Qa5 Qxa5 25. Bxa5 Bxe4 26. Rxe4 Bc5+ 27.
Kh1 Rxe4 28. fxe4 Bd4 29. h3 Rc8 30. Rd1 Bxb2 31. Bxd3 Nxd3 32. Rxd3 Rc1+ 33.
Kh2 Be5+ 34. g3 Rc2+ 35. Kg1 h5 36. Bd2 Bxg3 37. Be3 a6 38. Bb6 h4 39. Rd8+ Kh7
40. Ra8 Rh2 41. Rxa6 Rxh3 42. Ra5 Rh2 43. Rf5 Rb2 44. Bf2 Bxf2+ 45. Rxf2 Rb7
46. Kg2 g5 47. Rf6 Kg7 48. e5 Ra7 49. Rf3 Kg6 50. Re3 Kf5 51. Kh2 Kf4 52. Re1
Rxa3 53. Rf1+ Rf3 0-1

[Event "Colin Crouch Masters 1st"]
[Site "Harrow High School"]
[Date "2016.04.03"]
[Round "2.8"]
[White "Britton, Richard L"]
[Black "Eggleston, David J"]
[Result "0-1"]
[WhiteElo "2186"]
[BlackElo "2400"]
[PlyCount "82"]
[EventDate "2016.04.02"]
[EventType "swiss"]
[EventRounds "9"]
[EventCountry "ENG"]
[Source "John Saunders"]
[SourceDate "2016.04.28"]
[WhiteClock "0:02:50"]
[BlackClock "0:21:31"]

1. e4 c5 2. Nf3 d6 3. d4 Nf6 4. Nc3 cxd4 5. Nxd4 a6 6. Bc4 e6 7. Bb3 Nbd7 8. f4
Nc5 9. f5 Be7 10. Qf3 Bd7 11. g4 e5 12. Nde2 Bc6 13. Bd5 Nxd5 14. exd5 Bd7 15.
Be3 Qc7 16. O-O-O O-O-O 17. Ng3 Kb8 18. Kb1 Rc8 19. Rc1 Qa5 20. Rhd1 Bb5 21.
Nxb5 axb5 22. Bxc5 Rxc5 23. Ne4 Rc4 24. b3 Rxe4 25. Qxe4 Bg5 26. c4 Bxc1 27.
Rxc1 Qb4 28. Qe3 bxc4 29. Rxc4 Qb5 30. Qd3 Qb6 31. Qc2 f6 32. h3 Qa5 33. Qd3 h5
34. b4 Qb6 35. Qc2 hxg4 36. hxg4 Qg1+ 37. Qc1 Qg2 38. Qc2 Qh1+ 39. Qc1 Qxd5 40.
Kb2 Rh2+ 41. Ka3 Rxa2+ 0-1

[Event "Colin Crouch Masters 1st"]
[Site "Harrow High School"]
[Date "2016.04.03"]
[Round "2.9"]
[White "Santos Ruiz, Miguel"]
[Black "Kalaiyalahan, Akshaya"]
[Result "1-0"]
[WhiteElo "2422"]
[BlackElo "2212"]
[PlyCount "89"]
[EventDate "2016.04.02"]
[EventType "swiss"]
[EventRounds "9"]
[EventCountry "ENG"]
[Source "John Saunders"]
[SourceDate "2016.04.28"]
[WhiteClock "0:34:29"]
[BlackClock "0:25:06"]

1. e4 c5 2. Nf3 e6 3. d4 cxd4 4. Nxd4 Nc6 5. Nc3 Qc7 6. Be3 a6 7. Qf3 b5 8.
O-O-O Bb7 9. Nxc6 Bxc6 10. a3 Nf6 11. Bd3 b4 12. axb4 Bxb4 13. Bd4 Be7 14. Qg3
Qxg3 15. hxg3 d6 16. f3 e5 17. Be3 O-O 18. g4 Rfc8 19. b3 a5 20. Bc4 h6 21. g5
hxg5 22. Bxg5 a4 23. Kb2 axb3 24. cxb3 Rd8 25. Ra1 Rxa1 26. Rxa1 Ra8 27. Rxa8+
Bxa8 28. Bxf6 Bxf6 29. Bd5 Bxd5 30. Nxd5 Bd8 31. Kc3 Kf8 32. Kc4 Ke8 33. Kb5
Kd7 34. b4 g6 35. g4 f6 36. Kc4 Kc6 37. Nc3 Bb6 38. Nd5 Bd8 39. b5+ Kd7 40. Kb4
Kc8 41. b6 Kd7 42. Kb5 g5 43. b7 Bc7 44. Nxf6+ Kd8 45. Kc6 1-0

[Event "Colin Crouch Masters 1st"]
[Site "Harrow High School"]
[Date "2016.04.03"]
[Round "2.10"]
[White "Brozel, Sacha"]
[Black "Batchelor, Peter J"]
[Result "0-1"]
[WhiteElo "1981"]
[BlackElo "2335"]
[PlyCount "66"]
[EventDate "2016.04.02"]
[EventType "swiss"]
[EventRounds "9"]
[EventCountry "ENG"]
[Source "John Saunders"]
[SourceDate "2016.04.28"]
[WhiteClock "0:13:33"]
[BlackClock "0:13:12"]

1. d4 Nf6 2. c4 e6 3. g3 d5 4. Bg2 Be7 5. Nf3 O-O 6. O-O dxc4 7. Qc2 b5 8. a4
b4 9. Nbd2 Bb7 10. Nxc4 Be4 11. Qb3 Nbd7 12. Rd1 Bd5 13. Nfe5 Nb6 14. Bf4 a5
15. Rac1 Qe8 16. Bxd5 Nfxd5 17. Nxb6 cxb6 18. Rc6 Bf6 19. Qc2 Bxe5 20. Bxe5 Nc3
21. Rc7 Nxd1 22. Bd6 Rc8 23. Bxf8 Rxc7 24. Qxc7 Kxf8 25. Qc2 Nxb2 26. Qxb2 Qxa4
27. e4 Qd1+ 28. Kg2 Qd3 29. f3 Qc3 30. Qe2 Qxd4 31. Qa6 g6 32. Qc8+ Kg7 33. Qc1
b3 0-1

[Event "Colin Crouch Masters 1st"]
[Site "Harrow High School"]
[Date "2016.04.03"]
[Round "2.11"]
[White "Rice, Chris B"]
[Black "Fegan, Chris"]
[Result "1/2-1/2"]
[WhiteElo "2038"]
[BlackElo "2079"]
[PlyCount "111"]
[EventDate "2016.04.02"]
[EventType "swiss"]
[EventRounds "9"]
[EventCountry "ENG"]
[Source "John Saunders"]
[SourceDate "2016.04.28"]
[WhiteClock "0:04:41"]
[BlackClock "0:02:09"]

1. c4 f5 2. g3 Nf6 3. Bg2 e5 4. d4 Bb4+ 5. Bd2 Bxd2+ 6. Qxd2 Ne4 7. Qd3 Nc6 8.
Nf3 Qe7 9. O-O O-O 10. dxe5 Kh8 11. Nc3 Nb4 12. Qd1 Nxc3 13. bxc3 Nc6 14. Qd5
Re8 15. Nd4 Qxe5 16. Nxf5 d6 17. Qxe5 Nxe5 18. Ne3 Rb8 19. Rfd1 Ng4 20. Nxg4
Bxg4 21. f3 Bh5 22. Kf2 Re5 23. Rd5 Rbe8 24. e4 Bf7 25. Rxe5 Rxe5 26. Rb1 b6
27. Rb5 Bxc4 28. Rxe5 dxe5 29. a3 Kg8 30. Ke3 Kf7 31. f4 Ke6 32. h4 c5 33. Bh3+
Kf6 34. Bg4 h6 35. Bd1 b5 36. Kd2 a5 37. Kc2 a4 38. Bg4 g5 39. hxg5+ hxg5 40.
f5 Bf1 41. Bf3 Ke7 42. Kd2 Kd6 43. Kc2 Kc6 44. Bh5 Bg2 45. Be8+ Kd6 46. Bxb5
Bxe4+ 47. Kd2 Bxf5 48. Bxa4 Kd5 49. Bb3+ c4 50. Bd1 Bd3 51. Ke3 Kc5 52. Ba4 Kb6
53. Be8 Ka5 54. Bc6 Bc2 55. Be4 Bb3 56. Bc6 1/2-1/2

[Event "Colin Crouch Masters 1st"]
[Site "Harrow High School"]
[Date "2016.04.03"]
[Round "2.12"]
[White "Tarhon, Brian"]
[Black "Harari, Zaki"]
[Result "1-0"]
[WhiteElo "2293"]
[BlackElo "2065"]
[PlyCount "131"]
[EventDate "2016.04.02"]
[EventType "swiss"]
[EventRounds "9"]
[EventCountry "ENG"]
[Source "John Saunders"]
[SourceDate "2016.04.28"]
[WhiteClock "0:07:23"]
[BlackClock "0:31:31"]

1. e4 d5 2. exd5 Qxd5 3. Nc3 Qd6 4. d4 Nf6 5. Bc4 c6 6. h3 g6 7. Nf3 Bg7 8. O-O
O-O 9. Re1 Nbd7 10. Qe2 Nb6 11. Bb3 a5 12. a4 e6 13. Ne4 Nxe4 14. Qxe4 Nd5 15.
c4 Nf6 16. Qh4 Re8 17. c5 Qf8 18. Bf4 Nd7 19. Bd6 Bf6 20. Qe4 Qg7 21. Ne5 Nxe5
22. dxe5 Be7 23. Rad1 Qf8 24. Rd3 Bxd6 25. Rxd6 Qe7 26. Red1 Kg7 27. g3 Rb8 28.
Bc4 b6 29. cxb6 Rxb6 30. b3 Qc7 31. Qf4 Qe7 32. Qd4 Qc7 33. Qc5 Ba6 34. Rd7 Qb8
35. Qd4 Bxc4 36. Qf4 Rf8 37. Qf6+ Kg8 38. Rxf7 Rxf7 39. Rd8+ Qxd8 40. Qxd8+ Rf8
41. Qxb6 Bd5 42. Qxa5 Rf3 43. b4 Rd3 44. Qd8+ Kg7 45. Qf6+ Kg8 46. Kh2 Rf3 47.
Qd8+ Kg7 48. Qb6 h5 49. Qc5 g5 50. a5 Kf7 51. Qc2 Kg7 52. Qd2 Kg6 53. h4 gxh4
54. gxh4 Kf5 55. a6 Rf4 56. a7 Rxh4+ 57. Kg3 Rg4+ 58. Kh3 Rg8 59. Qh6 Ra8 60.
Qh7+ Kf4 61. Qb7 c5 62. Qf7+ Kxe5 63. b5 Kd6 64. b6 e5 65. Qc7+ Ke6 66. b7 1-0

[Event "Colin Crouch Masters 1st"]
[Site "Harrow High School"]
[Date "2016.04.03"]
[Round "2.13"]
[White "Willmoth, Robert F"]
[Black "Golding, Alex"]
[Result "1-0"]
[WhiteElo "2152"]
[BlackElo "1994"]
[PlyCount "69"]
[EventDate "2016.04.02"]
[EventType "swiss"]
[EventRounds "9"]
[EventCountry "ENG"]
[Source "John Saunders"]
[SourceDate "2016.04.28"]
[WhiteClock "0:15:56"]
[BlackClock "0:41:28"]

1. Nf3 Nf6 2. d4 g6 3. Nbd2 d5 4. c4 Bg7 5. cxd5 Qxd5 6. e3 O-O 7. Bc4 Qd8 8.
O-O b6 9. b4 Nd5 10. Qb3 e6 11. Re1 c5 12. bxc5 bxc5 13. Ba3 Nd7 14. Bxd5 Rb8
15. Qc2 exd5 16. Rac1 Rb5 17. Nb3 c4 18. Bxf8 Bxf8 19. Nbd2 Nf6 20. e4 Nxe4 21.
Nxe4 Bf5 22. Qa4 Rb4 23. Qxa7 dxe4 24. Ne5 Qd5 25. a3 Rb7 26. Qa6 Qxd4 27. Qxb7
Qxe5 28. Qa8 c3 29. Re3 c2 30. Qa4 Bh6 31. Qxc2 Bxe3 32. fxe3 Qa5 33. Qc3 Qa7
34. Rd1 Qa8 35. Qf6 1-0

[Event "Colin Crouch Masters 1st"]
[Site "Harrow High School"]
[Date "2016.04.03"]
[Round "2.14"]
[White "Moreby, James"]
[Black "Warman, Simon M"]
[Result "0-1"]
[WhiteElo "2008"]
[BlackElo "2130"]
[PlyCount "114"]
[EventDate "2016.04.02"]
[EventType "swiss"]
[EventRounds "9"]
[EventCountry "ENG"]
[Source "John Saunders"]
[SourceDate "2016.04.28"]
[WhiteClock "0:04:14"]
[BlackClock "0:11:56"]

1. e4 c5 2. Nf3 e6 3. d4 cxd4 4. Nxd4 a6 5. Nc3 Qc7 6. g3 Nf6 7. Bg2 Nc6 8. O-O
Be7 9. Re1 O-O 10. Nb3 b5 11. Bf4 d6 12. a3 Ne5 13. Nd2 Bb7 14. Qe2 Rac8 15.
Rad1 Rfd8 16. h3 Ng6 17. Be3 d5 18. exd5 Nxd5 19. Nxd5 Bxd5 20. Bxd5 Rxd5 21.
c3 Rcd8 22. Nf3 h6 23. Rc1 Bf6 24. c4 bxc4 25. Rxc4 Qb7 26. b4 Rd3 27. a4 Rb3
28. Rec1 Rb2 29. R1c2 Rxc2 30. Rxc2 Qxb4 31. Qxa6 Ne5 32. Nxe5 Rd1+ 33. Kh2 Qe4
34. Qc8+ Kh7 35. f3 Qxe3 36. Rg2 Qe1 37. Qc2+ g6 38. Qxd1 Qxd1 39. Ng4 Bd4 40.
f4 Qxa4 41. h4 h5 42. Nf2 Bxf2 43. Rxf2 Qe4 44. Kh3 Qh1+ 45. Rh2 Qf1+ 46. Rg2
f6 47. Kh2 e5 48. fxe5 fxe5 49. Ra2 e4 50. g4 Qf4+ 51. Kh1 hxg4 52. h5 gxh5 53.
Rf2 Qc1+ 54. Kh2 e3 55. Rf7+ Kg6 56. Re7 Qd2+ 57. Kg3 Qf2# 0-1

[Event "Colin Crouch Masters 1st"]
[Site "Harrow High School"]
[Date "2016.04.03"]
[Round "2.15"]
[White "Stanisz, Patryk"]
[Black "De Paolis, Fabrizio"]
[Result "1-0"]
[WhiteElo "2128"]
[BlackElo "1878"]
[PlyCount "101"]
[EventDate "2016.04.02"]
[EventType "swiss"]
[EventRounds "9"]
[EventCountry "ENG"]
[Source "John Saunders"]
[SourceDate "2016.04.28"]
[WhiteClock "0:24:50"]
[BlackClock "0:14:04"]

1. d4 d5 2. c4 c6 3. Nf3 e6 4. e3 f5 5. Bd3 Nf6 6. O-O Bd6 7. b3 Qe7 8. a4 O-O
9. Ba3 Bxa3 10. Nxa3 Nbd7 11. cxd5 exd5 12. Bxf5 Ne4 13. Bxe4 dxe4 14. Nd2 Qh4
15. f3 Nf6 16. Nxe4 Nxe4 17. fxe4 Qxe4 18. Rxf8+ Kxf8 19. Qf3+ Qxf3 20. gxf3
Be6 21. b4 a5 22. b5 Bb3 23. bxc6 bxc6 24. Nb1 Rb8 25. Nd2 Bf7 26. Rc1 Rb2 27.
Nc4 Bxc4 28. Rxc4 Rb4 29. Rxc6 Rxa4 30. Kf2 Ra2+ 31. Kg3 a4 32. Ra6 a3 33. h4
Ra1 34. Kf4 a2 35. e4 Rd1 36. Rxa2 Rxd4 37. Ra7 Rd6 38. e5 Rd4+ 39. Kg5 h6+ 40.
Kg6 Rxh4 41. Rf7+ Ke8 42. e6 Rh1 43. Kxg7 h5 44. f4 h4 45. Kf6 Rf1 46. f5 Rg1
47. Rh7 Rg8 48. Rxh4 Rf8+ 49. Ke5 Rg8 50. Ra4 Rg5 51. Kf6 1-0

[Event "Colin Crouch Masters 1st"]
[Site "Harrow High School"]
[Date "2016.04.03"]
[Round "2.16"]
[White "Topal, M Onat"]
[Black "Grieve, Harry"]
[Result "0-1"]
[WhiteElo "1998"]
[BlackElo "2106"]
[PlyCount "124"]
[EventDate "2016.04.02"]
[EventType "swiss"]
[EventRounds "9"]
[EventCountry "ENG"]
[Source "John Saunders"]
[SourceDate "2016.04.28"]
[WhiteClock "0:18:23"]
[BlackClock "0:40:49"]

1. d4 Nf6 2. c4 e6 3. Nf3 b6 4. a3 Ba6 5. Qc2 Bb7 6. Nc3 c5 7. d5 exd5 8. cxd5
Nxd5 9. Bg5 Be7 10. Nb5 O-O 11. Nd6 Bc6 12. Bxe7 Qxe7 13. Nf5 Qf6 14. O-O-O Ne7
15. Nd6 Nc8 16. Qd2 Ba4 17. Qd5 Nxd6 18. Qxd6 Bxd1 19. Qxf6 gxf6 20. Kxd1 d5
21. g3 Nc6 22. Bg2 Rad8 23. Kc2 Rfe8 24. Re1 Ne5 25. h3 d4 26. b3 Nxf3 27. Bxf3
d3+ 28. Kc3 dxe2 29. Rxe2 Rxe2 30. Bxe2 a5 31. f3 Rd4 32. Bc4 Kg7 33. b4 Rxc4+
34. Kxc4 cxb4 35. axb4 a4 36. b5 f5 37. Kb4 Kf6 38. Kxa4 Ke5 39. Kb4 Kd4 40. h4
Ke3 41. f4 Kd4 42. h5 h6 43. Kb3 f6 44. Kb4 Kd5 45. Kb3 Kc5 46. Kc3 Kxb5 47.
Kb3 Kc5 48. Kc3 Kd5 49. Kb4 Ke4 50. Kb5 Kf3 51. Kxb6 Kxg3 52. Kc5 Kxf4 53. Kd4
Kg5 54. Ke3 Kxh5 55. Kf4 Kg6 56. Kg3 Kg5 57. Kf3 f4 58. Kg2 Kg4 59. Kf2 f3 60.
Kf1 Kg3 61. Kg1 f2+ 62. Kf1 h5 0-1

[Event "Colin Crouch Masters 1st"]
[Site "Harrow High School"]
[Date "2016.04.03"]
[Round "2.17"]
[White "Kolodkin, Daniil"]
[Black "Young, Daniel J"]
[Result "1/2-1/2"]
[WhiteElo "2104"]
[BlackElo "1807"]
[PlyCount "71"]
[EventDate "2016.04.02"]
[EventType "swiss"]
[EventRounds "9"]
[EventCountry "ENG"]
[Source "John Saunders"]
[SourceDate "2016.04.28"]
[WhiteClock "0:00:35"]
[BlackClock "0:02:14"]

1. e4 c5 2. Ne2 d6 3. g3 Nc6 4. Bg2 g6 5. c3 Bg7 6. d4 cxd4 7. cxd4 Nh6 8. Nbc3
O-O 9. O-O f5 10. Bxh6 Bxh6 11. exf5 Rxf5 12. d5 Ne5 13. Nd4 Rf7 14. f4 Ng4 15.
Qd2 Bg7 16. Nce2 Qb6 17. Kh1 Bd7 18. h3 Nf6 19. g4 Re8 20. f5 gxf5 21. Nxf5
Bxf5 22. Rxf5 Ref8 23. Ng3 Nd7 24. Raf1 Qxb2 25. Qg5 Ne5 26. Nh5 Ng6 27. Nxg7
Qxg7 28. Qe3 Rxf5 29. gxf5 Ne5 30. Be4 Kh8 31. Rg1 Qf6 32. Qxa7 Qh4 33. Qe3 Rg8
34. Rxg8+ Kxg8 35. Kg2 Kf7 36. Bf3 1/2-1/2

[Event "Colin Crouch Masters 1st"]
[Site "Harrow High School"]
[Date "2016.04.03"]
[Round "2.18"]
[White "Armstrong, William G"]
[Black "Golding, James"]
[Result "1/2-1/2"]
[WhiteElo "1868"]
[BlackElo "2095"]
[PlyCount "62"]
[EventDate "2016.04.02"]
[EventType "swiss"]
[EventRounds "9"]
[EventCountry "ENG"]
[Source "John Saunders"]
[SourceDate "2016.04.28"]

1. d4 d5 2. Nf3 c5 3. e3 Nc6 4. Be2 Bf5 5. c3 e6 6. O-O Nf6 7. dxc5 Bxc5 8. b4
Bd6 9. Bb2 h6 10. Nbd2 O-O 11. Re1 Rc8 12. Nf1 Ne4 13. a3 Ne5 14. Ng3 Nxf3+ 15.
Bxf3 Bxg3 16. hxg3 Nxc3 17. Qd4 Rc4 18. Qxa7 Qc7 19. Rac1 Rc8 20. Bxc3 Rxc3 21.
Ra1 b5 22. Qxc7 R8xc7 23. Be2 Bd3 24. Bxd3 Rxd3 25. Rec1 Rc4 26. Kf1 Rb3 27.
Rcb1 Rcc3 28. Rxb3 Rxb3 29. Ra2 Kf8 30. Ke2 Rc3 31. Kd2 Rc4 1/2-1/2

[Event "Colin Crouch Masters 1st"]
[Site "Harrow High School"]
[Date "2016.04.03"]
[Round "2.20"]
[White "Psaila, Clarence"]
[Black "Chan, Nevil"]
[Result "1/2-1/2"]
[WhiteElo "2067"]
[BlackElo "2023"]
[PlyCount "69"]
[EventDate "2016.04.02"]
[EventType "swiss"]
[EventRounds "9"]
[EventCountry "ENG"]
[Source "John Saunders"]
[SourceDate "2016.04.28"]
[WhiteClock "0:01:04"]
[BlackClock "0:00:53"]

1. Nf3 b6 2. g3 Bb7 3. Bg2 e6 4. c4 f5 5. O-O Nf6 6. b3 Be7 7. Bb2 O-O 8. e3
Qe8 9. Nc3 a6 10. d4 Ne4 11. Nxe4 Bxe4 12. Ne1 Bxg2 13. Kxg2 Bf6 14. Nd3 Nc6
15. Qe2 e5 16. dxe5 Nxe5 17. Nxe5 Bxe5 18. Bxe5 Qxe5 19. Rad1 d6 20. Qf3 Rae8
21. Qd5+ Qxd5+ 22. Rxd5 a5 23. a4 g6 24. Rfd1 Re4 25. R1d4 Rfe8 26. Rxe4 Rxe4
27. Kf3 Kf7 28. Rd4 Rxd4 29. exd4 Ke6 30. h4 h6 31. d5+ Ke5 32. Ke3 f4+ 33. Kf3
fxg3 34. Kxg3 Kf5 35. f4 1/2-1/2

[Event "Colin Crouch Masters 1st"]
[Site "Harrow High School"]
[Date "2016.04.03"]
[Round "2.23"]
[White "Jackson, James P"]
[Black "Ross, Chris N"]
[Result "1-0"]
[WhiteElo "2348"]
[BlackElo "2194"]
[PlyCount "79"]
[EventDate "2016.04.02"]
[EventType "swiss"]
[EventRounds "9"]
[EventCountry "ENG"]
[Source "John Saunders"]
[SourceDate "2016.04.28"]

1. e4 c6 2. d4 d5 3. Nd2 dxe4 4. Nxe4 Bf5 5. Ng3 Bg6 6. h4 h6 7. Nf3 Nd7 8. h5
Bh7 9. Bd3 Bxd3 10. Qxd3 Ngf6 11. Bd2 e6 12. O-O-O Qc7 13. Ne4 Nxe4 14. Qxe4
Nf6 15. Qe2 O-O-O 16. g3 Be7 17. Kb1 Rhe8 18. Bf4 Bd6 19. Ne5 Nd5 20. Bd2 Bxe5
21. dxe5 c5 22. c4 Ne7 23. Bc3 Rxd1+ 24. Rxd1 Rd8 25. Rxd8+ Qxd8 26. Kc2 Nf5
27. Qe4 Qe8 28. b3 Kc7 29. g4 Ne7 30. f3 b6 31. Kd3 Nc6 32. Ke2 Qd8 33. Qf4 Qe7
34. Qd2 Kc8 35. Kf2 Qd7 36. Qxd7+ Kxd7 37. Ke3 Nb4 38. Bxb4 cxb4 39. Ke4 g6 40.
g5 1-0

[Event "Colin Crouch Masters 1st"]
[Site "Harrow High School"]
[Date "2016.04.04"]
[Round "3.1"]
[White "Berkes, Ferenc"]
[Black "Tan, Justin"]
[Result "1/2-1/2"]
[WhiteElo "2644"]
[BlackElo "2452"]
[PlyCount "34"]
[EventDate "2016.04.02"]
[EventType "swiss"]
[EventRounds "9"]
[EventCountry "ENG"]
[Source "John Saunders"]
[SourceDate "2016.04.28"]
[WhiteClock "0:35:41"]
[BlackClock "0:18:22"]

1. d4 Nf6 2. c4 e6 3. Nf3 d5 4. Nc3 dxc4 5. Qa4+ Nbd7 6. e4 a6 7. Bxc4 c6 8.
Qc2 b5 9. Be2 c5 10. d5 Bd6 11. Bg5 Qc7 12. O-O O-O 13. Rad1 exd5 14. Nxd5 Nxd5
15. exd5 h6 16. Bh4 Nb6 17. Bg3 Bb7 1/2-1/2

[Event "Colin Crouch Masters 1st"]
[Site "Harrow High School"]
[Date "2016.04.04"]
[Round "3.2"]
[White "Gormally, Daniel W"]
[Black "Gareyev, Timur"]
[Result "1/2-1/2"]
[WhiteElo "2490"]
[BlackElo "2611"]
[PlyCount "39"]
[EventDate "2016.04.02"]
[EventType "swiss"]
[EventRounds "9"]
[EventCountry "ENG"]
[Source "John Saunders"]
[SourceDate "2016.04.28"]
[WhiteClock "1:01:33"]
[BlackClock "1:06:09"]

1. d4 Nf6 2. c4 e6 3. Nf3 b6 4. g3 Ba6 5. Qc2 Bb7 6. Bg2 c5 7. d5 exd5 8. cxd5
Nxd5 9. O-O Be7 10. a3 O-O 11. Rd1 Nf6 12. Nc3 d5 13. Ng5 g6 14. Nge4 Nbd7 15.
Nxf6+ Nxf6 16. Bg5 Qc7 17. Bxf6 Bxf6 18. Nxd5 Bxd5 19. Rxd5 Rad8 20. Rad1
1/2-1/2